| 000 | 00571nam a2200229Ia 4500 | ||
|---|---|---|---|
| 003 | OSt | ||
| 005 | 20220924132812.0 | ||
| 006 | a|||||r|||| 00| 0 | ||
| 007 | ta | ||
| 008 | 220923b |||||||| |||| 00| 0 urd d | ||
| 024 | _a251054 | ||
| 037 | _cTextual | ||
| 040 |
_aARTS _cARTS _burd |
||
| 041 |
_2urd _aurd |
||
| 082 | _aO168vK, P8 | ||
| 100 |
_aSayed Anwar _9205065 |
||
| 245 | 0 | _aUrdu adab ki tahrik ibtada 1975 | |
| 260 | _c2008 | ||
| 650 | _aURDU LITERATURE | ||
| 942 |
_hO168vK, P8 _cTEXL _2CC |
||
| 999 |
_c431637 _d431637 |
||